<?xml version="1.0" encoding="UTF-8"?>
<record
    xmlns:xsi="http://www.w3.org/2001/XMLSchema-instance"
    xsi:schemaLocation="http://www.loc.gov/MARC21/slim http://www.loc.gov/standards/marcxml/schema/MARC21slim.xsd"
    xmlns="http://www.loc.gov/MARC21/slim">

  <leader>01288nam a2200229Ia 4500</leader>
  <controlfield tag="001">L410-25291</controlfield>
  <controlfield tag="003">IT-CnALBA</controlfield>
  <controlfield tag="008">170116s9999||||xx |||||||||||||| ||und||</controlfield>
  <datafield tag="040" ind1=" " ind2=" ">
    <subfield code="a">IT-CnALBA</subfield>
    <subfield code="c">IT-CnALBA</subfield>
  </datafield>
  <datafield tag="041" ind1=" " ind2=" ">
    <subfield code="a">ITALIANO</subfield>
  </datafield>
  <datafield tag="100" ind1=" " ind2=" ">
    <subfield code="a">MARCHESANI VINCENZO</subfield>
  </datafield>
  <datafield tag="245" ind1=" " ind2="0">
    <subfield code="a">LETTURE PER I GIOVANI SCELTE DAI MIGLIORI SCRITTORI AD USO DELLA SCUOLA TECNICA DEL GINNASIO INFERIORE E DELLA SCUO </subfield>
  </datafield>
  <datafield tag="250" ind1=" " ind2=" ">
    <subfield code="a">1a ed.</subfield>
  </datafield>
  <datafield tag="260" ind1=" " ind2=" ">
    <subfield code="a"> LANCIANO</subfield>
    <subfield code="b">CARABBA R. EDITORE </subfield>
    <subfield code="c">1901 [1&#xB0; Ed.:1901 - Ed.Ling.Originale: 1901]</subfield>
  </datafield>
  <datafield tag="300" ind1=" " ind2=" ">
    <subfield code="a">520 p. (prefazione: 23)</subfield>
  </datafield>
  <datafield tag="500" ind1=" " ind2=" ">
    <subfield code="a">... SCUOLA COMPLEMENTARE FEMMINILE. RACCONTI SCENE BOZZETTI. FIGURE. VIRT&#xD9; MORALE IN AZIONE. ISTRUZIONE. EDUCAZIONE CIVILE E SOCIALE. PENSIERI MASSIME SENTENZE. FATTI EPISODI SCENE E RITRATTI. QUADRI IMMAGINI FIGURE. NOTE E APPUNTI DI LINGUA. SCIENZE NATU</subfield>
  </datafield>
  <datafield tag="501" ind1=" " ind2=" ">
    <subfield code="a">Societ&#xE0; San Paolo EM - Piazza San Paolo, 14 - 12051 ALBA (CN)  (non commercial uses only) &#xAE; Copyright 2017</subfield>
  </datafield>
  <datafield tag="520" ind1=" " ind2=" ">
    <subfield code="a">... SCUOLA COMPLEMENTARE FEMMINILE. RACCONTI SCENE BOZZETTI. FIGURE. VIRT&#xD9; MORALE IN AZIONE. ISTRUZIONE. EDUCAZIONE CIVILE E SOCIALE. PENSIERI MASSIME SENTENZE. FATTI EPISODI SCENE E RITRATTI. QUADRI IMMAGINI FIGURE. NOTE E APPUNTI DI LINGUA. SCIENZE NATU</subfield>
  </datafield>
  <datafield tag="650" ind1=" " ind2=" ">
    <subfield code="a">LINGUISTICA</subfield>
  </datafield>
  <datafield tag="942" ind1=" " ind2=" ">
    <subfield code="c">BK</subfield>
  </datafield>
  <datafield tag="957" ind1=" " ind2=" ">
    <subfield code="7">1</subfield>
  </datafield>
  <datafield tag="999" ind1=" " ind2=" ">
    <subfield code="a">30068</subfield>
    <subfield code="b">SI </subfield>
    <subfield code="g"> Copie: 1 </subfield>
    <subfield code="c">284394</subfield>
    <subfield code="d">284394</subfield>
  </datafield>
  <datafield tag="952" ind1=" " ind2=" ">
    <subfield code="0">0</subfield>
    <subfield code="1">0</subfield>
    <subfield code="4">0</subfield>
    <subfield code="6">L_41025291</subfield>
    <subfield code="7">1</subfield>
    <subfield code="a">ALBA</subfield>
    <subfield code="b">ALBA</subfield>
    <subfield code="d">2017-01-16</subfield>
    <subfield code="l">0</subfield>
    <subfield code="o">L410-25291</subfield>
    <subfield code="r">2017-01-16 00:00:00</subfield>
    <subfield code="w">2017-01-16</subfield>
    <subfield code="y">BK</subfield>
    <subfield code="z">(data import: 16 gennaio 2017) - By Epidotti, Vaglietti. </subfield>
  </datafield>
</record>
